| 000 | 00884nam a22002297a 4500 | ||
|---|---|---|---|
| 005 | 20090828155332.0 | ||
| 008 | 090828t xxu||||| |||| 00| 0 eng d | ||
| 010 | _aENG-94957 | ||
| 020 |
_c220.00 _a9789380015163 |
||
| 035 | _aEN-78490 | ||
| 037 | _bDBAD / PUB | ||
| 040 |
_adpl _bEnglish |
||
| 082 | _a632.5 | ||
| 100 | _aKrishnamurthy, R. | ||
| 245 |
_aThe common weeds among tea gardens / _cby R. Krishnamurthy |
||
| 260 |
_aTamilnadu _bAnnamalaiyar Educational Publications _c2008 |
||
| 270 |
_a8/305, Thulasinga Nagar, Valparai Post _bTamilnadu _e642127 |
||
| 300 |
_a129p. : _c23cm((pbk) ) _bb&w photos |
||
| 500 | _aIncludes references | ||
| 942 |
_2ddc _cEN _mKRI _h632.5 |
||
| 999 |
_c29759 _d29759 |
||